Welcome to the Holygrace Academy Library

Please use search bar below to get started

ISHTASUGANDHAM POLE (Record no. 5089)

MARC details
000 -LEADER
fixed length control field 00286nam a22001337a 4500
082 ## - DEWEY DECIMAL CLASSIFICATION NUMBER
Classification number 894.812
Item number NAR/E
100 ## - MAIN ENTRY--AUTHOR NAME
Personal name NARENDRAN, K.M
245 ## - TITLE STATEMENT
Title ISHTASUGANDHAM POLE
260 ## - PUBLICATION, DISTRIBUTION, ETC. (IMPRINT)
Place of publication THIRUVANANTHAPURAM
Name of publisher Z LIBRARY
Year of publication 2009
300 ## - PHYSICAL DESCRIPTION
Number of Pages 103
520 ## - SUMMARY, ETC.
Summary, etc NOVEL
650 ## - SUBJECT ADDED ENTRY--TOPICAL TERM
Topical Term NOVEL
942 ## - ADDED ENTRY ELEMENTS (KOHA)
Koha item type Books
Holdings
Withdrawn status Lost status Collection code Home library Current library Shelving location Date acquired Source of acquisition Cost, normal purchase price Full call number Accession Number Koha item type
    Fiction Main Library Main Library SHELF-16- J- MALAYALAM NOVELS,FICTIONS 11/12/2019 Purchase 75.00 894.812 NAR/E 12222 Books